MDQL
is popping MORE tags! Check the
thread
!
Quizzes
Events
Quiz Creation
Community
Videos
Private Events
Remove Ads
Sign In
Join for FREE
Feedback
Dark Mode
Quiz Categories
Sports
Geography
Music
Movies
Television
Just For Fun
Miscellaneous
History
Literature
Language
Science
Gaming
Entertainment
Religion
Holiday
For Kids
Quiz Lab
Recent
Popular Today
Quiz Kudos Today
Editor Picks
Curator Picks
Quizzes by...
Day
Popularity
Type
Ratings
Length
Year
Community
Subscriptions
Recent Discussions
Orange Saloon
Badges
Playlists
Quests
Create
Leaderboards
Showdown
Live 5
Trivia Bingo
Activity
Puzzle Library
Sporcle Events
Private Events
Virtual Trivia
Globe League
Become a Host
Pub Owners
SporcleCon
Opinionation
Our Games
Videos
Blog
Mobile Apps
Partnerships
Remove Ads and Go Orange
Feedback
Gaming
Video Games
Board Games
Card Games
Pokémon
Mario
Nintendo
Minecraft
Console
Toys
Legend of Zelda
Gaming
Video Games
Board Games
Card Games
Pokémon
Mario
Nintendo
Minecraft
Console
Toys
Legend of Zelda
Random Quiz
Search Sporcle
×
Quiz Lab
Quiz Lab
Gaming
Mario
Type in answers that appear in a list
Type in answers that appear in a list
Classic
Best Score? Go Orange.
Mario Kart DS Tracks Stats
Can you name the Mario Kart DS Tracks?
By
tsx
10m
32 Questions
196 Plays
196 Plays
196 Plays
Comments
Comments
Give Quiz Kudos
Give Quiz Kudos
-
- Ratings
hide this ad
Replay
Link that replays current quiz
Next Quiz
Link to next quiz in quiz playlist
You Got
0%
They Got
Avg Score
82%
Avg Friend Score
Upgrade to see
Score Distribution
Jump to the score distribution portion of the page
Score
0/32
Timer
10:00
0
Plays Today
Cup
Track
% Correct
Mushroom Cup
Figure-8 Circuit
92.3%
Star Cup
Mario Circuit
91.8%
Mushroom Cup
Luigi's Mansion
90.7%
Special Cup
Rainbow Road
90.7%
Mushroom Cup
Yoshi Falls
88.7%
Special Cup
Bowser Castle
88.7%
Mushroom Cup
Cheep Cheep Beach
86.6%
Shell Cup
Luigi Circuit
86.6%
Leaf Cup
Luigi Circuit
86.6%
Flower Cup
Waluigi Pinball
85.6%
Flower Cup
Delfino Square
84%
Special Cup
Wario Stadium
83.5%
Flower Cup
Desert Hills
83%
Star Cup
Tick-Tock Clock
82.5%
Lightning Cup
Yoshi Circuit
82.5%
Star Cup
DK Pass
82%
Cup
Track
% Correct
Special Cup
Peach Gardens
82%
Banana Cup
Baby Park
81.4%
Star Cup
Airship Fortress
80.9%
Shell Cup
Peach Circuit
79.4%
Leaf Cup
Choco Mountain
79.4%
Leaf Cup
Mushroom Bridge
79.4%
Shell Cup
Mario Circuit 1
78.9%
Lightning Cup
Sky Garden
78.4%
Flower Cup
Shroom Ridge
77.8%
Banana Cup
Bowser Castle 2
77.8%
Banana Cup
Donut Plains 1
76.3%
Lightning Cup
Choco Island 2
76.3%
Shell Cup
Moo Moo Farm
75.8%
Lightning Cup
Banshee Boardwalk
74.7%
Leaf Cup
Koopa Beach 2
73.7%
Banana Cup
Frappe Snowland
73.2%
Quiz Playlist
Details
Report
Send in Message
Add To Playlist
Classic:
Type in answers that appear in a list
Last Updated: Feb 16, 2017
Quiz Scoreboard
CHALLENGE
Sign Up to Join the Scoreboard
Show All
Scores
Hide
Comments
May contain spoilers
Recently Published
Two Season TV Shows II
by 123Four
Television
10m
Image Sorting: Flags VI
by Barbecue
Geography
2m
Find the 'City' Movie
by crazypaving
Movies
60s
More to Explore
Quiz From the Vault
Featured Blog Post
14 Easter Pick-up Lines to Find Eggs With
hide this ad
You Might Also Like...
Tags
Mario Quiz
cup
debut
kart
Mario Kart
track
Today's Top Quizzes in Gaming
Browse Gaming
hide this ad
Today's Top Quizzes in Mario
Browse Mario
Top Contributed Quizzes in Gaming
1
League of Legends Pro Players by Career/Team History
2
Genshin Impact Logic Puzzle
3
Destiny 2 exotic weapons by perk icons
4
Genshin murder mystery
5
4x4 Decades: Video Games
6
Genshin Impact Logic Puzzle Quiz
7
Ultimate Genshin Impact Logic Puzzle (up to 4.3)
8
Dead By Daylight Logic Puzzle
9
Who's on the WWE 2K24 Cover?
10
Overwatch Logic Puzzle
Explore More
Trending Topics
Kpop
Crossword
NBA
Harry Potter
Anime
Disney
Marvel
Soccer
Puzzle
The Office
Country
NFL
WWE
Pokémon
Song
hide this ad
More By:
tsx
Quiz
Plays
Rating
Category
Featured
Created
Niall Horan Songs
13,446
5.00
Music
Sep 22, 2017
Morgan Wallen Songs
11,775
5.00
Music
Jan 9, 2021
Paper Mario Games
10,145
4.50
Gaming
Mar 22, 2016
Super Smash Bros. Ultimate Fighters
6,953
5.00
Gaming
Jun 14, 2018
Harry Styles Songs
3,028
3.00
Music
Apr 15, 2017
Go to Creator's Profile
Score Distribution
Quiz Creator Spotlight
tsx
Follow
Send a Message
Quizzes Created
-
Created Quiz Play Count
-
More By This Creator
Popular Quizzes Today
1
Find the US States - No Outlines Minefield
2
Colored Red Africa Blitz
3
Find the 'City' Movie
4
5x2 Blitz: Bands
5
The Countries of the World
6
Find the Countries of Europe - No Outlines Minefield
7
Find the US States
8
US States
More Gaming Quizzes
The Evolution of Kobe Bryant
Quiz Lab
Trending Quizzes
Colored Red Europe Blitz I
Colored Red Africa Blitz II
Colored Red Europe Blitz II
Even More Two Season TV Shows
Colored Red Africa Blitz III
Recently Updated
March Madness Men's Triple Doubles
pecheneg
How Do You Spell That?
pecheneg
Godzilla Movies
pecheneg
Grab Bag: 4-10 Letters
pecheneg
2024 March Madness Bracket
pecheneg
Famous TV Couples
Peacemaker
Champions League XIs: Real Madrid
pecheneg
Largest US Cities 1790-2010
pecheneg
Rides in Walt Disney World
pecheneg
Most Oscar Losses (Acting)
pecheneg
Trending Topics
Marvel
Anime
Kpop
Crossword
Harry Potter
NBA
Disney
NFL
Puzzle
WWE
Song
The Office
Soccer
Pokémon
Country
Your Account Isn't Verified!
In order to create a playlist on Sporcle, you need to verify the email address you used during registration. Go to your
Sporcle Settings
to finish the process.
Report this User
Report this user for behavior that violates our
Community Guidelines
.
Details:
Send Report
Go to the Sporcle.com Mobile Site →
Comments